| 000 | 01025cam a2200253 i 4500 | ||
|---|---|---|---|
| 003 | SA-RiAUC | ||
| 005 | 20260315135441.0 | ||
| 008 | 260113s1921 ua g 00000 ara c | ||
| 040 |
_aSA-JeALM _bara _cSA-RiAUC _erda |
||
| 082 | 0 | 4 | _a252.53 |
| 090 |
_aم ن 252.53 _bب ي ل |
||
| 100 | 1 |
_aبيلا، زكريا بن عبد الله بن حسن، _d1329-1413 هجري _eمؤلف. |
|
| 245 | 1 | 2 |
_aالمختصر في حكم الإحرام من جدة والمبيت في عقبة منى / _cزكريا بن عبد الله بيلا. |
| 264 | 3 |
_aالقاهرة : _bمطبعة حجازي _c[1951] |
|
| 300 |
_a53 صفحة؛ _c29 سم. |
||
| 336 |
_aنص _btxt _2rdacontent _3كتاب |
||
| 337 |
_aبدون وسيط _bn _2rdamedia |
||
| 338 |
_aمجلد _bnc _2rdacarrier |
||
| 500 | _aتوجد ملاحظات من الشيخ في داخل الكتاب. | ||
| 650 | 7 |
_aالإحرام _2aucsh |
|
| 650 | 7 |
_aالحج (فقه إسلامي) _2aucsh |
|
| 942 |
_2ddc _cRBOOK COPY _n0 |
||
| 949 |
_aSA-JeALM _d260113 _umohamedma123 _n1 |
||
| 999 |
_c14601 _d14601 |
||